Od CRM k ERM

Virtuálny zákazník. Zmena podnikovej informačnej kultúry. Kvality ERM (employee relations management).

Salvato in:
Dettagli Bibliografici
Autore principale: Bureš, Ivan
Natura: Capitolo di libro
Lingua:ceco
Soggetti:
Tags: Aggiungi Tag
Nessun Tag, puoi essere il primo ad aggiungerne!!

MARC

LEADER 00000naa a2200000 4500
001 r047129
005 20231004100515.0
041 0 |a cze 
044 |a CZ 
245 1 0 |a Od CRM k ERM  |c Ivan Bureš 
520 |a Virtuálny zákazník. Zmena podnikovej informačnej kultúry. Kvality ERM (employee relations management). 
610 2 0 |a riadenie kvality 
610 2 0 |a spotrebitelia 
610 2 0 |a technológie informačné 
610 2 0 |a technológie komunikačné 
610 2 0 |a kultúra podniková 
100 1 |a Bureš, Ivan